Lasers : (Record no. 5214)

MARC details
000 -LEADER
fixed length control field 01179nam a22003257a 4500
001 - CONTROL NUMBER
control field 5214
003 - CONTROL NUMBER IDENTIFIER
control field FISKH
005 - DATE AND TIME OF LATEST TRANSACTION
control field 20241119110811.0
008 - FIXED-LENGTH DATA ELEMENTS--GENERAL INFORMATION
fixed length control field 241119b cb ||||| |||| 00| 0 eng d
020 ## - INTERNATIONAL STANDARD BOOK NUMBER
International Standard Book Number 356590124051
040 ## - CATALOGING SOURCE
Original cataloging agency FISKH
Language of cataloging eng
Transcribing agency FISKH
Modifying agency FISKH
050 ## - LIBRARY OF CONGRESS CALL NUMBER
Classification number TA1675
082 ## - DEWEY DECIMAL CLASSIFICATION NUMBER
Classification number 621.366
100 ## - MAIN ENTRY--PERSONAL NAME
Personal name Myring, Lynn
245 ## - TITLE STATEMENT
Title Lasers :
Remainder of title What they can do and how they work /
Statement of responsibility, etc. by Lynn Myring and Maurice Kimmitt
250 ## - EDITION STATEMENT
Edition statement First published in 1984
260 ## - PUBLICATION, DISTRIBUTION, ETC.
Place of publication, distribution, etc. London :
Name of publisher, distributor, etc. Usborne Publishing Ltd ;
Date of publication, distribution, etc. 1984 .
300 ## - PHYSICAL DESCRIPTION
Extent 48 pages :
Other physical details color illustrations ;
Dimensions 25 cm .
490 ## - SERIES STATEMENT
Series statement Usborne Introductions
505 ## - FORMATTED CONTENTS NOTE
Formatted contents note X <br/>
520 ## - SUMMARY, ETC.
Summary, etc. From how laser light is produced to the amazing holograms (3-D pictures) it produces, The Usborne Introduction to Lasers shows how the very special qualities of light can be applied to medicine and heavy industry amongst many other areas.
521 8# - TARGET AUDIENCE NOTE
Target audience note 890 <br/>
Source Lexile estimate <br/>
521 8# - TARGET AUDIENCE NOTE
Target audience note X <br/>
Source Raz-Plus <br/>
650 ## - SUBJECT ADDED ENTRY--TOPICAL TERM
Topical term or geographic name entry element lasers
Form subdivision non-fiction
650 ## - SUBJECT ADDED ENTRY--TOPICAL TERM
Topical term or geographic name entry element science
Form subdivision non-fiction
700 ## - ADDED ENTRY--PERSONAL NAME
Personal name Lyon, Chris
Relator term illustrator
700 ## - ADDED ENTRY--PERSONAL NAME
Personal name Newton, Martin
Relator term illustrator
942 ## - ADDED ENTRY ELEMENTS (KOHA)
Source of classification or shelving scheme Dewey Decimal Classification
Koha item type Books
Suppress in OPAC No
Holdings
Withdrawn status Lost status Source of classification or shelving scheme Damaged status Not for loan Collection Home library Current library Shelving location Date acquired Total Checkouts Full call number Barcode Date last seen Copy number Price effective from Koha item type
    Dewey Decimal Classification     Non-Fiction Footprints International School Library Network Toul Tom Poung Campus Footprints International School Library Network Toul Tom Poung Campus TTP Secondary Non-Fiction Bookshelves 11/19/2024   MYR 621.366 TA1675 FIS01358 11/19/2024 1 11/19/2024 Books
    Dewey Decimal Classification     Non-Fiction Footprints International School Library Network Toul Tom Poung Campus Footprints International School Library Network Toul Tom Poung Campus TTP Secondary Non-Fiction Bookshelves 06/16/2025   MYR 621.366 TA1675 FIS01344 06/16/2025 2 06/16/2025 Books